000 00511nam a2200169Ia 4500
008 231217s9999 xx 000 0 und d
020 _a8178813378
041 _aEnglish
082 _a658.4012 NAG.3;2 R1
100 _aNagarajan, N ed.
245 0 _aBusiness strategy-I : bank economists conference 2003, V.3
260 _c2004
_bICFAI Press
_aHyderabad
300 _axi, 182+A14
500 _aContent page available
650 _aBusiness,strategy-I,bank,economists,conference,2003,,V.3
942 _cAA
999 _c188498
_d188498